000 00603nam a2200181Ia 4500
003 IN-BaIIA
008 211028s9999 xx 000 0 eng d
020 _a0-8243-09117-0
040 _cIIA Library
080 _a(05)52
_bANN-17
100 _aBurbidge, G
_911063
245 0 _aAnnual review of astronomy and astrophysics
_bvol. 17
_cG. Burbidge
260 _aPalo Alto
_bAnnual Reviews
_c1979
300 _a585p.
650 _aAstronomy - Periodicals and Astrophysics - Periodicals
_911064
650 _aAstronomy and Astrophysics Thesaurus
942 _cBK
999 _c6448
_d6448